[Event "ONJK 2017 A"]
[Site "Borne, Netherlands"]
[Date "2017.08.07"]
[Round "1.1"]
[White "Carpentier, Jannes"]
[Black "Holtel, Jasper"]
[Result "1-0"]
[WhiteElo "1896"]
[BlackElo "2244"]
[PlyCount "103"]
[EventDate "2017.08.??"]

1. b3 Nf6 2. Bb2 g6 3. Bxf6 exf6 4. c4 b6 5. Nc3 f5 6. Nf3 Bg7 7. g3 Bb7 8. Bg2
O-O 9. Rc1 c5 10. O-O Nc6 11. e3 Ne7 12. d4 cxd4 13. Nxd4 Bxg2 14. Kxg2 d5 15.
cxd5 Nxd5 16. Nxd5 Qxd5+ 17. Qf3 Qd6 18. Rfd1 Qa3 19. Rc7 Rac8 20. Rxc8 Rxc8
21. Qb7 Rf8 22. Rd2 Qb4 23. Nf3 Qa5 24. Rc2 Bf6 25. Qd7 Qa6 26. Qd6 Kg7 27. Rc6
Ba1 28. Rc7 Rc8 29. Ng5 Rxc7 30. Qxc7 Kh6 31. Nxf7+ Kg7 32. Ng5+ Kf6 33. Nxh7+
Ke6 34. Ng5+ Kd5 35. Qf7+ Kc5 36. Qxg6 Qxa2 37. Qxf5+ Kb4 38. Qf7 b5 39. Nf3 a5
40. Nd4 Bxd4 41. exd4 Qc2 42. Qf3 a4 43. bxa4 Kxa4 44. d5 Qc5 45. Qd1+ Ka3 46.
d6 Qc8 47. d7 Qd8 48. Qc1+ Ka2 49. Qc2+ Ka3 50. Qc8 Qe7 51. Qa8+ Kb2 52. d8=Q
1-0

[Event "ONJK 2017 A"]
[Site "Borne, Netherlands"]
[Date "2017.08.07"]
[Round "1.2"]
[White "De Boer, Eelke"]
[Black "Van Roon, Sjoerd"]
[Result "1-0"]
[WhiteElo "2190"]
[BlackElo "1894"]
[PlyCount "65"]
[EventDate "2017.08.??"]

1. e4 d5 2. exd5 Qxd5 3. Nc3 Qa5 4. Bc4 Nf6 5. d3 Bf5 6. Bd2 c6 7. Nge2 e6 8.
O-O Qc7 9. Ng3 Bg6 10. Kh1 Nbd7 11. f4 O-O-O 12. Qf3 h5 13. Nge4 Be7 14. a4 Ng4
15. a5 Bxe4 16. Nxe4 g5 17. a6 b6 18. d4 Rdg8 19. Rae1 Nf8 20. Qh3 f5 21. Nxg5
Rxg5 22. fxg5 Bd6 23. g3 h4 24. Bxe6+ Nxe6 25. Rxe6 Qd7 26. Re2 f4 27. Kg1 fxg3
28. hxg3 Bxg3 29. Re4 Nf6 30. Qxd7+ Nxd7 31. Bf4 b5 32. Bxg3 hxg3 33. Rg4 1-0

[Event "ONJK 2017 A"]
[Site "Borne, Netherlands"]
[Date "2017.08.07"]
[Round "1.3"]
[White "Weber, Jannis"]
[Black "De Waele, Warre"]
[Result "1-0"]
[WhiteElo "1878"]
[BlackElo "2168"]
[PlyCount "57"]
[EventDate "2017.08.??"]

1. e4 e5 2. Nf3 Nc6 3. Bc4 Bc5 4. c3 Nf6 5. O-O Nxe4 6. d4 exd4 7. cxd4 d5 8.
Bb5 Be7 9. Ne5 Bd7 10. Nxd7 Qxd7 11. Nc3 O-O 12. Bf4 Nxc3 13. bxc3 Bf6 14. Re1
Rfe8 15. Qa4 Be7 16. Rad1 Bd6 17. Bc1 a6 18. Be2 Qf5 19. Bf3 Ne7 20. Re2 c6 21.
Rde1 Qd7 22. Qd1 Ng6 23. Bg4 f5 24. Bxf5 Qxf5 25. Rxe8+ Rxe8 26. Rxe8+ Kf7 27.
Re3 Nh4 28. g3 Qh3 29. Qh5+ 1-0

[Event "ONJK 2017 A"]
[Site "Borne, Netherlands"]
[Date "2017.08.07"]
[Round "1.4"]
[White "Hilwerda, Jonas"]
[Black "Kanbier, Max"]
[Result "1-0"]
[WhiteElo "2132"]
[BlackElo "1849"]
[PlyCount "45"]
[EventDate "2017.08.??"]

1. e4 d6 2. d4 f5 3. Nc3 Nf6 4. Bd3 fxe4 5. Nxe4 d5 6. Nxf6+ exf6 7. Qh5+ Ke7
8. Nf3 Be6 9. O-O Qe8 10. Qh4 Kd7 11. Ne1 Bd6 12. f4 f5 13. Nf3 h6 14. Re1 Qf8
15. Bd2 Nc6 16. Re2 Re8 17. Rae1 g5 18. fxg5 hxg5 19. Qxg5 Rg8 20. Qh6 Qf7 21.
Ng5 Rxg5 22. Bxg5 Nxd4 23. Rf2 1-0

[Event "ONJK 2017 A"]
[Site "Borne, Netherlands"]
[Date "2017.08.07"]
[Round "1.5"]
[White "Teschler, Ansgar"]
[Black "Terhuven, Patrick"]
[Result "1-0"]
[WhiteElo "1791"]
[BlackElo "2121"]
[PlyCount "71"]
[EventDate "2017.08.??"]

1. d4 Nf6 2. c4 c5 3. d5 b5 4. cxb5 a6 5. f3 axb5 6. e4 Qb6 7. e5 Ng8 8. Nc3
Ba6 9. Be3 d6 10. Qb3 b4 11. Qa4+ Kd8 12. Ne4 Bxf1 13. Qxa8 Bxg2 14. Kf2 Bxh1
15. Ne2 Nh6 16. N2g3 g6 17. exd6 exd6 18. Bg5+ Kc7 19. Rxh1 Bg7 20. Nf6 Na6 21.
Ne8+ Kd7 22. Re1 Be5 23. Rxe5 dxe5 24. Nf6+ Kc7 25. Qxh8 Nf5 26. Nxf5 gxf5 27.
Qxh7 c4+ 28. Kg2 Qd4 29. Qxf7+ Kb6 30. Nd7+ Kb5 31. Qxf5 Qxb2+ 32. Kg3 b3 33.
axb3 cxb3 34. Qd3+ Ka5 35. Bd2+ Nb4 36. Nc5 1-0

[Event "ONJK 2017 A"]
[Site "Borne, Netherlands"]
[Date "2017.08.07"]
[Round "1.6"]
[White "Korten, Lando"]
[Black "Limberg, Thomas"]
[Result "1-0"]
[WhiteElo "2119"]
[BlackElo "1753"]
[PlyCount "89"]
[EventDate "2017.08.??"]

1. Nf3 Nf6 2. d4 d5 3. c4 e6 4. Nc3 Be7 5. Qc2 Nbd7 6. cxd5 exd5 7. Bg5 c6 8.
e3 O-O 9. Bd3 Re8 10. O-O h6 11. Bf4 Nf8 12. h3 Bd6 13. Be5 Bxe5 14. Nxe5 Qc7
15. f4 Be6 16. Rf2 a6 17. Ne2 Rac8 18. Rc1 Ne4 19. Bxe4 dxe4 20. b4 Nh7 21. f5
Bd5 22. Nf4 Nf6 23. g4 Rcd8 24. a4 Qd6 25. Qc5 Qxc5 26. bxc5 Nd7 27. Nxd7 Rxd7
28. Rb2 Ree7 29. Rcb1 Bc4 30. Rb4 Bd3 31. Nxd3 exd3 32. Kf2 a5 33. R4b3 d2 34.
Rd1 g6 35. fxg6 fxg6 36. Rxd2 Rf7+ 37. Ke2 Rd8 38. e4 Rdf8 39. d5 Rf2+ 40. Kd1
R2f4 41. Rxb7 Rxe4 42. dxc6 Rf1+ 43. Kc2 Rc4+ 44. Kb2 Rxc5 45. c7 1-0

[Event "ONJK 2017 A"]
[Site "Borne, Netherlands"]
[Date "2017.08.07"]
[Round "1.7"]
[White "Van Doren, Bas"]
[Black "Pauwels, Xander"]
[Result "0-1"]
[WhiteElo "1748"]
[BlackElo "2099"]
[PlyCount "84"]
[EventDate "2017.08.??"]

1. e4 c5 2. Nf3 d6 3. c3 Nf6 4. Be2 Nbd7 5. Qc2 Qc7 6. Na3 a6 7. O-O b5 8. d3
Bb7 9. Bf4 e5 10. Bg3 g6 11. Qd2 Bg7 12. Nc2 O-O 13. Nh4 c4 14. f3 cxd3 15.
Bxd3 Nc5 16. Ne3 Rad8 17. Bc2 d5 18. Nxd5 Nxd5 19. exd5 Bxd5 20. Qe3 f5 21. Bf2
Ne6 22. Rad1 b4 23. Qb6 Bc4 24. Rfe1 bxc3 25. bxc3 Qxb6 26. Bxb6 Rb8 27. Rd6
Bf6 28. Nxf5 gxf5 29. Bxf5 Ng7 30. Bh3 Bxa2 31. Ba7 Rb7 32. Rxa6 Bc4 33. Ra5
Be6 34. Bc5 Rd8 35. Bxe6+ Nxe6 36. Bb4 Nf4 37. Ra6 Kf7 38. Bd6 Rb2 39. g3 Nh3+
40. Kh1 Be7 41. Bxe5 Nf2+ 42. Kg1 Nd3 0-1

[Event "ONJK 2017 A"]
[Site "Borne, Netherlands"]
[Date "2017.08.07"]
[Round "1.8"]
[White "Maerevoet, Sim"]
[Black "Dubbeldam, Lydia"]
[Result "1/2-1/2"]
[WhiteElo "2085"]
[BlackElo "1735"]
[PlyCount "115"]
[EventDate "2017.08.??"]

1. d4 f5 2. Bg5 h6 3. Bh4 g5 4. Bg3 Nf6 5. e3 d6 6. Bd3 Bg7 7. Nd2 e6 8. h4 Nc6
9. hxg5 hxg5 10. Rxh8+ Bxh8 11. Nh3 g4 12. Nf4 Qd7 13. Bb5 Qh7 14. Qe2 Bd7 15.
O-O-O a6 16. Bc4 d5 17. Bb3 O-O-O 18. Nd3 Nh5 19. Bh4 Rf8 20. Nc5 Bf6 21. Bxf6
Nxf6 22. c4 Na5 23. Bc2 dxc4 24. Nxc4 Nxc4 25. Qxc4 Nd5 26. Nxd7 Kxd7 27. g3
Rh8 28. Qf1 Qe7 29. Qg2 Rh3 30. Bxf5 Nxe3 31. fxe3 exf5 32. Qf2 Qe4 33. Rf1 Ke6
34. Kd2 c5 35. Rc1 cxd4 36. exd4 Kd5 37. Rc5+ Kd6 38. Rxf5 Rh2 39. Rf6+ Ke7 40.
Rf7+ Ke8 41. Qxh2 Qxd4+ 42. Kc1 Kxf7 43. Qh7+ Qg7 44. Qf5+ Qf6 45. Qxg4 Qf1+
46. Kc2 Qf2+ 47. Kd3 Qxb2 48. Qc4+ Kg6 49. Ke3 Qb6+ 50. Qd4 Qb5 51. Qd3+ Qxd3+
52. Kxd3 Kg5 53. Kc4 Kg4 54. Kc5 Kxg3 55. Kb6 Kf4 56. Kxb7 a5 57. a4 Ke5 58.
Kc6 1/2-1/2

[Event "ONJK 2017 A"]
[Site "Borne, Netherlands"]
[Date "2017.08.07"]
[Round "1.9"]
[White "Bosma, Jan"]
[Black "Bekedam, Tyro"]
[Result "0-1"]
[WhiteElo "1673"]
[BlackElo "2042"]
[PlyCount "72"]
[EventDate "2017.08.??"]

1. c4 Nf6 2. g3 c6 3. Bg2 d5 4. Nf3 Nbd7 5. b3 e5 6. Bb2 Bd6 7. O-O O-O 8. e3
e4 9. Ne1 Ne5 10. d3 Bg4 11. Qc2 exd3 12. Nxd3 Bf5 13. e4 Nxe4 14. Nxe5 Nxg3
15. Qd2 Nxf1 16. Bxf1 Re8 17. Nf3 Be4 18. Qc3 f6 19. Bh3 dxc4 20. Qxc4+ Bd5 21.
Qg4 Re4 22. Qd7 Qxd7 23. Bxd7 Re7 24. Bg4 f5 25. Bh5 g6 26. Nc3 Be6 27. Rd1 Bc7
28. Ba3 Ree8 29. Ng5 gxh5 30. Nxe6 Rxe6 31. Rd7 Rg6+ 32. Kf1 Rg7 33. Be7 Be5
34. Ne2 Re8 35. f4 Bb8 36. Nd4 Rgxe7 0-1

[Event "ONJK 2017 A"]
[Site "Borne, Netherlands"]
[Date "2017.08.07"]
[Round "1.10"]
[White "Jongste, David"]
[Black "Schuttevaer, Tim"]
[Result "1-0"]
[WhiteElo "2005"]
[BlackElo "1628"]
[PlyCount "61"]
[EventDate "2017.08.??"]

1. e4 e5 2. Nf3 Nc6 3. Bb5 d6 4. d4 Bd7 5. O-O Nf6 6. Nc3 h6 7. dxe5 Nxe5 8.
Bxd7+ Qxd7 9. Nd4 c5 10. Nf5 g6 11. Ne3 Bg7 12. Ned5 Nxd5 13. Nxd5 O-O-O 14. a4
Kb8 15. c3 f5 16. exf5 Qxf5 17. a5 Rhf8 18. a6 b5 19. Ra5 Qd7 20. Qb3 b4 21.
cxb4 c4 22. Qd1 Nd3 23. b3 Bd4 24. Be3 Bxe3 25. Nxe3 d5 26. Rxd5 Qf7 27. bxc4
Rxd5 28. Nxd5 Qf5 29. Qa4 Rf7 30. Qb5+ Kc8 31. Qe8# 1-0

[Event "ONJK 2017 A"]
[Site "Borne, Netherlands"]
[Date "2017.08.07"]
[Round "1.11"]
[White "De Jong, Eliza"]
[Black "Damen, Jip"]
[Result "0-1"]
[WhiteElo "1610"]
[BlackElo "1994"]
[PlyCount "44"]
[EventDate "2017.08.??"]

1. e4 d6 2. d4 g6 3. f4 Bg7 4. Nc3 Nf6 5. Nf3 O-O 6. Bd3 Nc6 7. Be3 Ng4 8. Bg1
e5 9. h3 exd4 10. Nxd4 Qh4+ 11. Kd2 Nxd4 12. Bxd4 Bxd4 13. hxg4 Qf2+ 14. Be2
Qxf4+ 15. Kd3 Qe3+ 16. Kc4 Be6+ 17. Nd5 b5+ 18. Kb4 a5+ 19. Kxb5 c6+ 20. Kxc6
Rfc8+ 21. Kxd6 Qg3+ 22. Ke7 Re8# 0-1

[Event "ONJK 2017 A"]
[Site "Borne, Netherlands"]
[Date "2017.08.07"]
[Round "1.12"]
[White "Stemmler, Fabian"]
[Black "Hofstra, Tijmen"]
[Result "1-0"]
[WhiteElo "1989"]
[BlackElo "1551"]
[PlyCount "73"]
[EventDate "2017.08.??"]

1. d4 d5 2. Bf4 Nc6 3. e3 e6 4. Nf3 Bd6 5. Bg3 Nge7 6. Bd3 Ng6 7. Nbd2 e5 8.
Bxg6 hxg6 9. dxe5 Be7 10. c3 Bg4 11. Qb3 Qd7 12. Nd4 Nxd4 13. exd4 c6 14. Nf1
Bg5 15. f4 Bh4 16. Bxh4 Rxh4 17. Ne3 Be6 18. g3 Qe7 19. gxh4 Qxh4+ 20. Ke2 Bg4+
21. Kd3 Bf3 22. Rhe1 Qf2 23. c4 Be4+ 24. Kc3 dxc4 25. Nxc4 O-O-O 26. Rxe4 b5
27. Nd6+ Rxd6 28. exd6 Qf3+ 29. Kb4 Qxe4 30. Qc3 Kd7 31. Re1 Qxf4 32. Re7+ Kd8
33. Kc5 Qf5+ 34. Re5 Qd7 35. Qa5+ Kc8 36. Re8+ Qxe8 37. Qc7# 1-0

[Event "ONJK 2017 A"]
[Site "Borne, Netherlands"]
[Date "2017.08.07"]
[Round "1.13"]
[White "Kratz, Alexander"]
[Black "Ramacker, Quinten"]
[Result "0-1"]
[WhiteElo "1536"]
[BlackElo "1981"]
[PlyCount "26"]
[EventDate "2017.08.??"]

1. d4 Nf6 2. Nc3 d5 3. e4 dxe4 4. f3 c6 5. fxe4 e5 6. d5 Bb4 7. Bg5 Qa5 8. dxc6
Nxe4 9. cxb7 Bxb7 10. Bb5+ Nc6 11. Bxc6+ Bxc6 12. Bd2 Nxd2 13. Qxd2 Rd8 0-1

[Event "ONJK 2017 A"]
[Site "Borne, Netherlands"]
[Date "2017.08.07"]
[Round "1.14"]
[White "Boudry, William"]
[Black "Van der Hoeven, Carsten"]
[Result "1-0"]
[WhiteElo "1965"]
[BlackElo "1514"]
[PlyCount "95"]
[EventDate "2017.08.??"]

1. d4 d6 2. e4 Nf6 3. Nc3 g6 4. f4 Bg7 5. Nf3 c5 6. Bb5+ Bd7 7. e5 dxe5 8. dxe5
Ng4 9. e6 fxe6 10. Ng5 O-O 11. Bxd7 Qxd7 12. Qxg4 Nc6 13. O-O Nd4 14. Be3 Nxc2
15. Rad1 Nxe3 16. Rxd7 Nxg4 17. Nxe6 Rf7 18. Nxg7 Kxg7 19. Rxb7 e6 20. Rb5 Raf8
21. h3 Ne3 22. Rf3 Nc2 23. Rxc5 Rxf4 24. Rxf4 Rxf4 25. Ne2 Ra4 26. Rxc2 Rxa2
27. Nd4 e5 28. Nc6 e4 29. Kf2 a5 30. Ke3 a4 31. Nb4 Ra1 32. Kxe4 a3 33. bxa3
Rxa3 34. Rc7+ Kh6 35. Nd3 Ra4+ 36. Kf3 Ra3 37. Rd7 Kg5 38. g3 Kh6 39. h4 Ra5
40. g4 g5 41. h5 Ra2 42. Ne5 Rf2+ 43. Ke4 Rf4+ 44. Kd5 Rf2 45. Rd6+ Kg7 46. Ke6
Rf6+ 47. Ke7 Rf1 48. h6+ 1-0

[Event "ONJK 2017 A"]
[Site "Borne, Netherlands"]
[Date "2017.08.07"]
[Round "1.15"]
[White "Koning, Femke"]
[Black "Knudsen, Simon"]
[Result "0-1"]
[WhiteElo "1456"]
[BlackElo "1964"]
[PlyCount "34"]
[EventDate "2017.08.??"]

1. e4 c5 2. Nf3 d6 3. Bc4 e6 4. d3 a6 5. a4 Nc6 6. Bd2 Nf6 7. O-O Be7 8. c3 O-O
9. b4 d5 10. exd5 exd5 11. Bb3 cxb4 12. cxb4 Bxb4 13. Bf4 Bf5 14. d4 Ne4 15.
Bc2 Bg6 16. Nbd2 Nc3 17. Qe1 Bxc2 0-1

[Event "ONJK 2017 A"]
[Site "Borne, Netherlands"]
[Date "2017.08.07"]
[Round "1.16"]
[White "Dauw, Sterre"]
[Black "Langie, Jeroen"]
[Result "1-0"]
[WhiteElo "1958"]
[BlackElo "1432"]
[PlyCount "47"]
[EventDate "2017.08.??"]

1. e4 c6 2. d4 d5 3. Nc3 dxe4 4. Nxe4 Bf5 5. Ng3 Bg6 6. Nf3 e6 7. h4 h6 8. h5
Bh7 9. Bd3 Bxd3 10. Qxd3 Nd7 11. Bd2 Ngf6 12. O-O-O Qc7 13. Ne4 O-O-O 14. Kb1
Be7 15. Bc1 e5 16. Nxf6 Bxf6 17. dxe5 Nxe5 18. Qf5+ Kb8 19. Bf4 Rxd1+ 20. Rxd1
Rd8 21. Rxd8+ Qxd8 22. Bxe5+ Ka8 23. b3 Bxe5 24. Qxe5 1-0

[Event "ONJK 2017 A"]
[Site "Borne, Netherlands"]
[Date "2017.08.07"]
[Round "1.17"]
[White "Berghuis, Thomas"]
[Black "Godde, Matthias"]
[Result "0-1"]
[WhiteElo "1427"]
[BlackElo "1956"]
[PlyCount "78"]
[EventDate "2017.08.??"]

1. e4 c5 2. Nf3 Nc6 3. d4 cxd4 4. Nxd4 Nf6 5. Nc3 e5 6. Nf3 Bb4 7. Bd2 O-O 8.
Nd5 Bxd2+ 9. Nxd2 Nxd5 10. exd5 Ne7 11. Nc4 d6 12. Bd3 f5 13. Qd2 Qc7 14. Nxe5
dxe5 15. d6 Qd8 16. O-O-O Be6 17. dxe7 Qxe7 18. Kb1 Rac8 19. Rhe1 Kh8 20. c3
Qc5 21. Qe3 Qa5 22. a3 Rce8 23. f3 h6 24. h3 e4 25. fxe4 Bb3 26. Rd2 fxe4 27.
Bxe4 Qe5 28. Qd4 Qxe4+ 29. Qxe4 Rxe4 30. Rc1 Rfe8 31. Rd7 Re1 32. Rxb7 Bd5 33.
Rxa7 Be4+ 34. Ka2 Rxc1 35. b4 Bd5+ 36. Kb2 Ree1 37. Rd7 Rb1+ 38. Kc2 Bb3+ 39.
Kd3 Rbd1# 0-1

[Event "ONJK 2017 A"]
[Site "Borne, Netherlands"]
[Date "2017.08.07"]
[Round "1.18"]
[White "Ortmeier, Leonard"]
[Black "Schelleman, Niels"]
[Result "1-0"]
[WhiteElo "1956"]
[BlackElo "1427"]
[PlyCount "43"]
[EventDate "2017.08.??"]

1. e4 d6 2. d4 Nf6 3. Nc3 g6 4. Nf3 Bg7 5. h3 O-O 6. Be3 Nc6 7. Be2 e6 8. Qd2
Re8 9. O-O-O a6 10. g4 b5 11. g5 Nd7 12. Rdg1 Bb7 13. h4 Ne7 14. Rg4 c5 15. h5
cxd4 16. Bxd4 Ne5 17. Rgh4 N7c6 18. hxg6 Nxg6 19. Bxg7 Nxh4 20. Bf6 Nxf3 21.
Bxf3 Qd7 22. Qf4 1-0

[Event "ONJK 2017 A"]
[Site "Borne, Netherlands"]
[Date "2017.08.07"]
[Round "1.19"]
[White "Weidema, Luuk"]
[Black "Wensing, Maximilian"]
[Result "0-1"]
[WhiteElo "1412"]
[BlackElo "1956"]
[PlyCount "120"]
[EventDate "2017.08.??"]

1. Nf3 Nf6 2. g3 g6 3. Bg2 Bg7 4. O-O O-O 5. c4 c6 6. Nc3 d5 7. d3 dxc4 8. dxc4
Be6 9. Qd3 Na6 10. Nd4 Qc8 11. Nxe6 Qxe6 12. b3 Rfd8 13. Qf3 Nb4 14. Bb2 Rd2
15. Na4 Na6 16. Rfe1 Rad8 17. Bc3 R2d7 18. h3 Ne8 19. Rac1 Bxc3 20. Nxc3 Nf6
21. Rcd1 Rxd1 22. Rxd1 Rxd1+ 23. Nxd1 Qd6 24. Nc3 Nb4 25. Qe3 b6 26. Kh1 Kg7
27. Bf3 Nc2 28. Qd3 Qxd3 29. exd3 Nd4 30. Bg2 Nd7 31. f4 Nc5 32. Bf1 Nf5 33.
Kh2 h5 34. Ne4 Ne6 35. Bg2 h4 36. Bf3 hxg3+ 37. Nxg3 Nfd4 38. Be4 Nxf4 39. Nf1
f5 40. Bh1 Nxd3 41. Ne3 Nc1 42. b4 Nxa2 43. c5 Nxb4 44. cxb6 axb6 45. Nc4 b5
46. Ne5 Nbc2 47. Nxc6 b4 48. Nxd4 Nxd4 49. Bd5 Kf6 50. Kg3 b3 51. Kf4 b2 52.
Ba2 Ne2+ 53. Ke3 Nc3 54. Kd3 Nxa2 55. Kc2 f4 56. Kxb2 f3 57. Kxa2 f2 58. h4
f1=Q 59. h5 Qc4+ 60. Ka1 gxh5 0-1

[Event "ONJK 2017 A"]
[Site "Borne, Netherlands"]
[Date "2017.08.07"]
[Round "1.20"]
[White "De Bock, Thijs"]
[Black "De Boer, Sipke"]
[Result "1-0"]
[WhiteElo "1951"]
[BlackElo "1331"]
[PlyCount "37"]
[EventDate "2017.08.??"]

1. e4 d5 2. exd5 Qxd5 3. Nc3 Qa5 4. d4 Nf6 5. Bd2 c6 6. Bc4 Qc7 7. Nf3 Bg4 8.
Qe2 Nbd7 9. O-O-O e6 10. h3 Bh5 11. g4 Bg6 12. h4 h6 13. g5 Nh5 14. Bxe6 O-O-O
15. Ne5 Kb8 16. Nxd7+ Rxd7 17. Bxd7 Qxd7 18. gxh6 gxh6 19. Qe5+ 1-0

[Event "ONJK 2017 A"]
[Site "Borne, Netherlands"]
[Date "2017.08.07"]
[Round "1.21"]
[White "Boekhoudt, Nicolien"]
[Black "Van Malder, Dries"]
[Result "0-1"]
[WhiteElo "1274"]
[BlackElo "1916"]
[PlyCount "118"]
[EventDate "2017.08.??"]

1. e4 c5 2. Nc3 Nc6 3. g3 Nf6 4. Bg2 e6 5. f4 d5 6. e5 Nd7 7. Nf3 a6 8. Ne2 b5
9. d4 Bb7 10. b3 Rc8 11. O-O Qc7 12. Be3 cxd4 13. Nexd4 Nxd4 14. Nxd4 Bc5 15.
Qd2 O-O 16. Rae1 Bxd4 17. Bxd4 Qxc2 18. Qxc2 Rxc2 19. Rf2 Rfc8 20. Rxc2 Rxc2
21. a4 bxa4 22. bxa4 Rc4 23. Rb1 Bc6 24. Bf2 h6 25. Bf1 Rxa4 26. Bd3 g6 27. Rc1
Bb5 28. Bc2 Rc4 29. Be3 d4 30. Bd2 Nc5 31. Bb1 Rxc1+ 32. Bxc1 Nb3 33. Bb2 Nd2
34. Bc2 d3 35. Bd1 Nc4 36. Bc3 Kf8 37. Kf2 Ke7 38. Ke1 Kd7 39. Bb3 Kc6 40. Bxc4
Bxc4 41. Kd2 Kb5 42. h3 a5 43. g4 a4 44. h4 a3 45. Kc1 Ka4 46. Kd2 Kb3 47. Ba1
Ka2 48. Bd4 Kb1 49. Kc3 a2 50. Kd2 a1=Q 51. Bxa1 Kxa1 52. Kc1 Ka2 53. Kd2 Kb2
54. Kd1 Kc3 55. f5 d2 56. f6 Bb3+ 57. Ke2 d1=Q+ 58. Ke3 Qd2+ 59. Kf3 Bd5+ 0-1

[Event "ONJK 2017 A"]
[Site "Borne, Netherlands"]
[Date "2017.08.07"]
[Round "1.22"]
[White "Moerman, Thomas"]
[Black "Lansink, Jelmer"]
[Result "1-0"]
[WhiteElo "1900"]
[BlackElo "1144"]
[PlyCount "53"]
[EventDate "2017.08.??"]

1. d4 Nf6 2. c4 g6 3. Nc3 Bg7 4. e4 d6 5. Nf3 O-O 6. Be2 Nc6 7. d5 Na5 8. Rb1
b6 9. b4 Nb7 10. Qc2 e5 11. O-O a5 12. a3 Qe7 13. Ne1 Nh5 14. Bxh5 gxh5 15. f4
f5 16. fxe5 Qxe5 17. Bb2 fxe4 18. Rxf8+ Kxf8 19. Nxe4 Qe7 20. Qf2+ Qf7 21.
Bxg7+ Kxg7 22. Qd4+ Kg6 23. Nf3 Bf5 24. Nh4+ Kh6 25. Rf1 Rf8 26. Nxf5+ Kg6 27.
Nh4+ 1-0

[Event "ONJK 2017 A"]
[Site "Borne, Netherlands"]
[Date "2017.08.08"]
[Round "2"]
[White "Damen, Jip"]
[Black "Moerman, Thomas"]
[Result "1-0"]
[WhiteElo "1994"]
[BlackElo "1900"]
[PlyCount "81"]
[EventDate "2017.08.??"]

1. e4 c5 2. Nf3 e6 3. d3 d5 4. Nbd2 dxe4 5. dxe4 Nf6 6. c3 Be7 7. Be2 O-O 8.
O-O Qc7 9. Qc2 b6 10. Bd3 Ba6 11. Bxa6 Nxa6 12. Nc4 b5 13. Na3 Qb7 14. Re1 c4
15. e5 Nd5 16. b3 cxb3 17. Qxb3 b4 18. cxb4 Qxb4 19. Qxb4 Naxb4 20. Rd1 Rfc8
21. Bb2 Rab8 22. Nd4 Nc2 23. Naxc2 Rxb2 24. Ne1 Bc5 25. Rac1 Rc7 26. Nd3 Ba3
27. Nxb2 Bxb2 28. Rxc7 Nxc7 29. Rb1 Ba3 30. Rb8+ Bf8 31. Nc6 Nd5 32. Nxa7 g5
33. Nb5 Kg7 34. Nd6 Be7 35. a4 Kg6 36. g4 h5 37. gxh5+ Kxh5 38. a5 f6 39. a6
fxe5 40. a7 Nc7 41. Nb5 1-0

[Event "ONJK 2017 A"]
[Site "Borne, Netherlands"]
[Date "2017.08.08"]
[Round "2"]
[White "De Boer, Sipke"]
[Black "Bosma, Jan"]
[Result "0-1"]
[WhiteElo "1331"]
[BlackElo "1673"]
[PlyCount "66"]
[EventDate "2017.08.??"]

1. g3 e5 2. Bg2 d5 3. d3 Nf6 4. Nf3 Nc6 5. O-O Be7 6. c4 d4 7. Nbd2 Bf5 8. Ng5
Qd7 9. Nge4 Bh3 10. a3 h5 11. b4 Bxg2 12. Kxg2 h4 13. Nxf6+ gxf6 14. Rh1 O-O-O
15. Nf3 f5 16. b5 e4 17. dxe4 fxe4 18. Nd2 hxg3 19. hxg3 Ne5 20. Nxe4 f5 21.
Nd2 Nxc4 22. Nxc4 Qd5+ 23. f3 Qxc4 24. Qd3 Qxd3 25. exd3 Rxh1 26. Kxh1 Bd6 27.
f4 Re8 28. Kg2 Re2+ 29. Kf3 Rc2 30. a4 Kd7 31. Ba3 Rd2 32. Bxd6 Rxd3+ 33. Ke2
Re3+ 0-1

[Event "ONJK 2017 A"]
[Site "Borne, Netherlands"]
[Date "2017.08.08"]
[Round "2"]
[White "De Waele, Warre"]
[Black "Kratz, Alexander"]
[Result "1-0"]
[WhiteElo "2168"]
[BlackElo "1536"]
[PlyCount "47"]
[EventDate "2017.08.??"]

1. Nf3 d5 2. d4 e6 3. c4 Nf6 4. g3 Nbd7 5. Bg2 c5 6. cxd5 Nxd5 7. O-O N5f6 8.
Nc3 cxd4 9. Nxd4 a6 10. b3 e5 11. Nf5 Qc7 12. Bb2 Nb6 13. e4 g6 14. Ne3 Bg7 15.
Rc1 Qe7 16. Nb1 Bd7 17. Ba3 Qd8 18. Qd6 Ng8 19. Rfd1 Bc6 20. Rxc6 bxc6 21.
Qxc6+ Nd7 22. Rxd7 Qxd7 23. Qxa8+ Qd8 24. Qxa6 1-0

[Event "ONJK 2017 A"]
[Site "Borne, Netherlands"]
[Date "2017.08.08"]
[Round "2"]
[White "Dubbeldam, Lydia"]
[Black "Teschler, Ansgar"]
[Result "1-0"]
[WhiteElo "1735"]
[BlackElo "1791"]
[PlyCount "59"]
[EventDate "2017.08.??"]

1. e4 c5 2. Nf3 d6 3. d4 cxd4 4. Nxd4 Nf6 5. Nc3 g6 6. Be3 Bg7 7. f3 O-O 8. Bc4
Nc6 9. Qd2 Bd7 10. O-O-O Rc8 11. Bb3 Ne5 12. h4 h5 13. Bh6 Nc4 14. Bxc4 Rxc4
15. Bxg7 Kxg7 16. Rdg1 Qa5 17. Nb3 Qc7 18. g4 b5 19. gxh5 Nxh5 20. Nd5 Qd8 21.
Rg5 Be6 22. Rxh5 f5 23. Qh6+ Kf7 24. Nf4 Rg8 25. Nxe6 Qc8 26. Qh7+ Kf6 27. Rg1
Rxc2+ 28. Kb1 Rf2 29. Rxf5+ gxf5 30. Qxf5# 1-0

[Event "ONJK 2017 A"]
[Site "Borne, Netherlands"]
[Date "2017.08.08"]
[Round "2"]
[White "Holtel, Jasper"]
[Black "Maerevoet, Sim"]
[Result "1/2-1/2"]
[WhiteElo "2244"]
[BlackElo "2085"]
[PlyCount "97"]
[EventDate "2017.08.??"]

1. Nf3 d5 2. g3 Nf6 3. Bg2 Bf5 4. O-O e6 5. d3 c5 6. c4 Nc6 7. cxd5 exd5 8. d4
c4 9. b3 Qb6 10. bxc4 dxc4 11. Ba3 Bxa3 12. Nxa3 Qa6 13. Qc1 O-O 14. Nxc4 Rac8
15. Qf4 Qxc4 16. Qxf5 Qxe2 17. Rfd1 Ne7 18. Qe5 Rc2 19. Qxe2 Rxe2 20. Ne5 Ned5
21. Bf3 Rc2 22. Nd7 Re8 23. Nxf6+ Nxf6 24. d5 Rd8 25. d6 b6 26. Rac1 Rxc1 27.
Rxc1 Ne8 28. d7 Rxd7 29. Rc8 Re7 30. Bc6 Kf8 31. Ra8 f5 32. Kg2 Kf7 33. Bxe8+
Rxe8 34. Rxa7+ Re7 35. Ra3 Kf6 36. Rb3 Re6 37. Rb5 Rc6 38. h4 g6 39. a4 h6 40.
Rd5 Re6 41. Rd8 Re4 42. Ra8 Re6 43. Rb8 Rc6 44. Rb7 Rd6 45. Rh7 Rd4 46. Ra7 Rd6
47. Ra6 Re6 48. a5 bxa5 49. Rxa5 1/2-1/2

[Event "ONJK 2017 A"]
[Site "Borne, Netherlands"]
[Date "2017.08.08"]
[Round "2"]
[White "Kanbier, Max"]
[Black "Langie, Jeroen"]
[Result "1-0"]
[WhiteElo "1849"]
[BlackElo "1432"]
[PlyCount "39"]
[EventDate "2017.08.??"]

1. c4 c6 2. Nc3 d5 3. cxd5 cxd5 4. g3 Nf6 5. Bg2 Bf5 6. d3 e6 7. Bg5 Nbd7 8. e4
d4 9. exf5 dxc3 10. fxe6 cxb2 11. exd7+ Kxd7 12. Rb1 Qb6 13. Qa4+ Kc7 14. Qc2+
Qc5 15. Rxb2 Ng4 16. Bf4+ Kd7 17. Rxb7+ Ke6 18. Qb3+ Kf5 19. Be4+ Kf6 20. Rxf7#
1-0

[Event "ONJK 2017 A"]
[Site "Borne, Netherlands"]
[Date "2017.08.08"]
[Round "2"]
[White "Lansink, Jelmer"]
[Black "De Jong, Eliza"]
[Result "0-1"]
[WhiteElo "1144"]
[BlackElo "1610"]
[PlyCount "20"]
[EventDate "2017.08.??"]

1. e4 e5 2. Nf3 Nc6 3. d4 exd4 4. Nxd4 Nf6 5. Nc3 Bb4 6. Bd2 Nxd4 7. Bd3 d5 8.
e5 Ng4 9. f4 Qh4+ 10. Kf1 Qf2# 0-1

[Event "ONJK 2017 A"]
[Site "Borne, Netherlands"]
[Date "2017.08.08"]
[Round "2"]
[White "Limberg, Thomas"]
[Black "Berghuis, Thomas"]
[Result "1-0"]
[WhiteElo "1753"]
[BlackElo "1427"]
[PlyCount "47"]
[EventDate "2017.08.??"]

1. d4 d5 2. c4 e6 3. Nf3 Nc6 4. g3 Nf6 5. Bg2 dxc4 6. O-O Bd6 7. Nbd2 e5 8.
dxe5 Nxe5 9. Nxe5 Bxe5 10. Nxc4 Qe7 11. Qc2 c6 12. Nxe5 Qxe5 13. Bxc6+ bxc6 14.
Qxc6+ Bd7 15. Qxa8+ Ke7 16. Qxh8 Qd5 17. Bf4 Bh3 18. f3 Ng4 19. Rfd1 Qc5+ 20.
e3 Qc2 21. Qd8+ Ke6 22. Qd6+ Kf5 23. Rd5+ Ne5 24. Rxe5# 1-0